[Event "Rapide Nancy 2018"]
[Site "Nancy"]
[Date "2018.03.04"]
[Round "1.1"]
[White "ERHARDT, Michael"]
[Black "FEDORCHUK, Sergey"]
[Result "0-1"]
[BlackElo "2681"]
[WhiteElo "2084"]
[LiveChessVersion "1.4.8"]

1. e4 {[%clk 0:15:02]} c5 {[%clk 0:15:03]} 2. Nf3 {[%clk 0:15:02]} e6
{[%clk 0:15:04]} 3. d4 {[%clk 0:15:01]} cxd4 {[%clk 0:15:04]} 4. Nxd4
{[%clk 0:15:01]} a6 {[%clk 0:15:06]} 5. Bd3 {[%clk 0:14:50]} Bc5 {[%clk 0:15:06]}
6. Nb3 {[%clk 0:14:24]} Be7 {[%clk 0:15:04]} 7. O-O {[%clk 0:13:51]} d6
{[%clk 0:15:02]} 8. Be3 {[%clk 0:13:25]} Nf6 {[%clk 0:14:54]} 9. Nc3
{[%clk 0:12:51]} Qc7 {[%clk 0:14:36]} 10. f4 {[%clk 0:12:24]} h5 {[%clk 0:12:22]}
11. Kh1 {[%clk 0:12:06]} Nbd7 {[%clk 0:11:36]} 12. a4 {[%clk 0:11:04]} b6
{[%clk 0:11:32]} 13. Qe2 {[%clk 0:10:12]} Bb7 {[%clk 0:11:08]} 14. Rad1
{[%clk 0:09:25]} h4 {[%clk 0:10:59]} 15. Nd4 {[%clk 0:06:35]} Nc5
{[%clk 0:10:33]} 16. Bg1 {[%clk 0:06:14]} h3 {[%clk 0:10:25]} 17. Nf3
{[%clk 0:05:23]} hxg2+ {[%clk 0:10:15]} 18. Kxg2 {[%clk 0:04:57]} d5
{[%clk 0:08:29]} 19. e5 {[%clk 0:04:01]} Nfe4 {[%clk 0:08:30]} 20. Bd4
{[%clk 0:03:45]} Nxc3 {[%clk 0:08:17]} 21. Bxc3 {[%clk 0:03:35]} Nxa4
{[%clk 0:07:29]} 22. Bd4 {[%clk 0:03:19]} g6 {[%clk 0:07:30]} 23. Ra1
{[%clk 0:02:39]} b5 {[%clk 0:06:31]} 24. c3 {[%clk 0:01:52]} Nc5 {[%clk 0:06:22]}
25. b4 {[%clk 0:01:41]} Ne4 {[%clk 0:06:17]} 26. Kg1 {[%clk 0:01:04]} Rc8
{[%clk 0:06:06]} 27. Bxe4 {[%clk 0:01:01]} dxe4 {[%clk 0:06:07]} 28. Ng5
{[%clk 0:00:52]} e3 {[%clk 0:05:51]} 29. Qxe3 {[%clk 0:00:47]} Qc6
{[%clk 0:05:52]} 30. Nf3 {[%clk 0:00:42]} Rh5 {[%clk 0:05:20]} 31. Rf2
{[%clk 0:00:41]} Qd5 {[%clk 0:05:17]} 32. Raf1 {[%clk 0:00:33]} Kf8
{[%clk 0:04:47]} 33. Rd2 {[%clk 0:00:35]} Kg7 {[%clk 0:04:12]} 34. Bc5
{[%clk 0:00:32]} Bxc5 {[%clk 0:04:13]} 35. bxc5 {[%clk 0:00:31]} Qxc5
{[%clk 0:03:54]} 36. Qxc5 {[%clk 0:00:34]} Rxc5 {[%clk 0:03:55]} 37. Ng5
{[%clk 0:00:31]} Bd5 {[%clk 0:03:56]} 38. Ra1 {[%clk 0:00:30]} Rh4
{[%clk 0:03:48]} 39. Rf2 {[%clk 0:00:28]} Rg4+ {[%clk 0:03:47]} 40. Kf1
{[%clk 0:00:30]} Bc4+ {[%clk 0:03:47]} 41. Ke1 {[%clk 0:00:32]} Rg1+
{[%clk 0:03:49]} 0-1

[Event "Rapide Nancy 2018"]
[Site "Nancy"]
[Date "2018.03.04"]
[Round "1.2"]
[White "FELLER, Sebastien"]
[Black "KARAGYOZIAN, Edgar"]
[Result "1-0"]
[BlackElo "2081"]
[WhiteElo "2627"]
[LiveChessVersion "1.4.8"]

1. d4 {[%clk 0:15:04]} d5 {[%clk 0:15:05]} 2. c4 {[%clk 0:15:06]} e6
{[%clk 0:15:06]} 3. Nf3 {[%clk 0:15:07]} Nf6 {[%clk 0:15:08]} 4. g3
{[%clk 0:15:08]} Be7 {[%clk 0:15:05]} 5. Bg2 {[%clk 0:15:10]} O-O
{[%clk 0:15:01]} 6. Qc2 {[%clk 0:15:11]} b6 {[%clk 0:13:53]} 7. O-O
{[%clk 0:15:09]} Bb7 {[%clk 0:13:56]} 8. cxd5 {[%clk 0:14:54]} exd5
{[%clk 0:13:52]} 9. Nc3 {[%clk 0:14:43]} Nbd7 {[%clk 0:13:02]} 10. Bf4
{[%clk 0:14:44]} a6 {[%clk 0:12:50]} 11. Rad1 {[%clk 0:14:43]} Re8
{[%clk 0:12:46]} 12. Ne5 {[%clk 0:13:00]} Nf8 {[%clk 0:12:33]} 13. Bg5
{[%clk 0:09:15]} h6 {[%clk 0:10:38]} 14. Bxf6 {[%clk 0:09:04]} Bxf6
{[%clk 0:10:40]} 15. f4 {[%clk 0:09:05]} Qd6 {[%clk 0:10:04]} 16. Qb3
{[%clk 0:06:29]} Rad8 {[%clk 0:09:57]} 17. e4 {[%clk 0:06:21]} c5
{[%clk 0:07:23]} 18. Nxd5 {[%clk 0:06:20]} Bxd5 {[%clk 0:06:50]} 19. Qxd5
{[%clk 0:06:10]} Qc7 {[%clk 0:05:07]} 20. Qc4 {[%clk 0:05:16]} b5
{[%clk 0:03:09]} 21. Qxc5 {[%clk 0:02:28]} Bxe5 {[%clk 0:02:45]} 22. fxe5
{[%clk 0:02:27]} Qxc5 {[%clk 0:02:43]} 23. dxc5 {[%clk 0:02:28]} Nd7
{[%clk 0:01:50]} 24. c6 {[%clk 0:01:12]} Nxe5 {[%clk 0:01:41]} 25. Rxd8
{[%clk 0:01:13]} Rxd8 {[%clk 0:01:39]} 26. c7 {[%clk 0:01:15]} Rc8
{[%clk 0:01:14]} 27. Rc1 {[%clk 0:01:17]} h5 {[%clk 0:00:45]} 28. Bh3
{[%clk 0:01:14]} Ng4 {[%clk 0:00:45]} 29. Bxg4 {[%clk 0:01:15]} hxg4
{[%clk 0:00:46]} 30. Kf2 {[%clk 0:01:17]} Kf8 {[%clk 0:00:42]} 31. Ke3
{[%clk 0:01:19]} g5 {[%clk 0:00:43]} 32. Kd4 {[%clk 0:01:16]} Ke7
{[%clk 0:00:40]} 33. Ke5 {[%clk 0:01:18]} f6+ {[%clk 0:00:37]} 34. Kf5
{[%clk 0:01:18]} Kf7 {[%clk 0:00:36]} 35. b4 {[%clk 0:01:11]} Ke7
{[%clk 0:00:30]} 36. Kxg4 {[%clk 0:01:02]} Ke6 {[%clk 0:00:31]} 37. Rc5
{[%clk 0:01:03]} Kd6 {[%clk 0:00:22]} 38. Kf5 {[%clk 0:01:04]} Ke7
{[%clk 0:00:25]} 39. h4 {[%clk 0:01:06]} gxh4 {[%clk 0:00:26]} 40. gxh4
{[%clk 0:01:08]} Ke8 {[%clk 0:00:08]} 1-0

[Event "Rapide Nancy 2018"]
[Site "Nancy"]
[Date "2018.03.04"]
[Round "1.3"]
[White "PARTAC, Elena"]
[Black "CORNETTE, Matthieu"]
[Result "1/2-1/2"]
[BlackElo "2621"]
[WhiteElo "2076"]
[LiveChessVersion "1.4.8"]

1. e4 {[%clk 0:15:03]} c5 {[%clk 0:15:03]} 2. Nf3 {[%clk 0:15:03]} Nc6
{[%clk 0:15:03]} 3. Bb5 {[%clk 0:15:01]} e6 {[%clk 0:14:54]} 4. O-O
{[%clk 0:14:02]} Nge7 {[%clk 0:14:54]} 5. d4 {[%clk 0:13:36]} cxd4
{[%clk 0:14:49]} 6. Nxd4 {[%clk 0:13:24]} Ng6 {[%clk 0:14:42]} 7. Be3
{[%clk 0:12:01]} Be7 {[%clk 0:14:21]} 8. Nc3 {[%clk 0:10:38]} O-O
{[%clk 0:14:19]} 9. Nb3 {[%clk 0:10:38]} a6 {[%clk 0:13:34]} 10. Be2
{[%clk 0:10:36]} b5 {[%clk 0:13:21]} 11. f4 {[%clk 0:09:02]} Bb7 {[%clk 0:13:07]}
12. Qd2 {[%clk 0:08:00]} d6 {[%clk 0:13:05]} 13. Rad1 {[%clk 0:07:54]} Rc8
{[%clk 0:12:03]} 14. Bf3 {[%clk 0:06:07]} Qc7 {[%clk 0:09:15]} 15. Qf2
{[%clk 0:05:14]} Bf6 {[%clk 0:09:14]} 16. Bb6 {[%clk 0:04:02]} Qb8
{[%clk 0:09:05]} 17. e5 {[%clk 0:03:38]} dxe5 {[%clk 0:08:27]} 18. Nc5
{[%clk 0:03:38]} exf4 {[%clk 0:05:34]} 19. Nd7 {[%clk 0:02:57]} Qa8
{[%clk 0:05:36]} 20. Nxf6+ {[%clk 0:02:22]} gxf6 {[%clk 0:05:36]} 21. Ne4
{[%clk 0:02:24]} Kg7 {[%clk 0:02:13]} 22. Nd6 {[%clk 0:02:22]} a5
{[%clk 0:01:56]} 23. Nxc8 {[%clk 0:02:11]} Qxc8 {[%clk 0:01:51]} 24. c3
{[%clk 0:02:05]} a4 {[%clk 0:01:41]} 25. Bc5 {[%clk 0:01:46]} Re8
{[%clk 0:01:38]} 26. Rd2 {[%clk 0:01:11]} Nce5 {[%clk 0:01:36]} 27. Bxb7
{[%clk 0:01:05]} Qxb7 {[%clk 0:01:38]} 28. Rfd1 {[%clk 0:01:03]} Rc8
{[%clk 0:01:32]} 29. Bb4 {[%clk 0:00:38]} f3 {[%clk 0:01:19]} 30. Bd6
{[%clk 0:00:30]} Nc4 {[%clk 0:00:57]} 31. Rd4 {[%clk 0:00:11]} fxg2
{[%clk 0:00:56]} 32. Qxg2 {[%clk 0:00:13]} Qxg2+ {[%clk 0:00:57]} 33. Kxg2
{[%clk 0:00:15]} Ne3+ {[%clk 0:00:56]} 34. Kf3 {[%clk 0:00:17]} Nxd1
{[%clk 0:00:57]} 35. Rxd1 {[%clk 0:00:19]} Ne5+ {[%clk 0:00:35]} 36. Bxe5
{[%clk 0:00:11]} fxe5 {[%clk 0:00:37]} 37. Rd7 {[%clk 0:00:10]} Kg6
{[%clk 0:00:33]} 38. Rb7 {[%clk 0:00:09]} Rc5 {[%clk 0:00:35]} 39. Rb8
{[%clk 0:00:04]} a3 {[%clk 0:00:25]} 40. bxa3 {[%clk 0:00:07]} Rxc3+
{[%clk 0:00:28]} 41. Ke4 {[%clk 0:00:10]} Rxa3 {[%clk 0:02:26]} 42. Rxb5
{[%clk 0:00:05]} Rxa2 {[%clk 0:02:27]} 1/2-1/2

[Event "Rapide Nancy 2018"]
[Site "Nancy"]
[Date "2018.03.04"]
[Round "1.4"]
[White "BOK, Benjamin"]
[Black "HAENSSEL, Christian"]
[Result "1-0"]
[BlackElo "2072"]
[WhiteElo "2619"]
[LiveChessVersion "1.4.8"]

1. Nf3 {[%clk 0:15:03]} c5 {[%clk 0:15:00]} 2. c4 {[%clk 0:14:51]} Nf6
{[%clk 0:14:49]} 3. Nc3 {[%clk 0:14:49]} g6 {[%clk 0:14:50]} 4. g3
{[%clk 0:14:25]} Bg7 {[%clk 0:14:47]} 5. Bg2 {[%clk 0:14:27]} Nc6
{[%clk 0:14:48]} 6. d4 {[%clk 0:14:16]} cxd4 {[%clk 0:14:40]} 7. Nxd4
{[%clk 0:14:17]} O-O {[%clk 0:14:24]} 8. O-O {[%clk 0:14:18]} Rb8
{[%clk 0:13:07]} 9. Bf4 {[%clk 0:11:47]} e5 {[%clk 0:13:09]} 10. Nxc6
{[%clk 0:11:17]} bxc6 {[%clk 0:13:11]} 11. Bxe5 {[%clk 0:11:18]} Rxb2
{[%clk 0:13:07]} 12. Nb5 {[%clk 0:10:17]} Rb4 {[%clk 0:09:26]} 13. Bd6
{[%clk 0:05:26]} Rxc4 {[%clk 0:09:15]} 14. Bxf8 {[%clk 0:05:27]} Qxf8
{[%clk 0:08:14]} 15. Nd6 {[%clk 0:05:28]} Rc5 {[%clk 0:07:30]} 16. Nxc8
{[%clk 0:05:06]} Qxc8 {[%clk 0:07:30]} 17. Rb1 {[%clk 0:05:05]} d5
{[%clk 0:06:29]} 18. Qa4 {[%clk 0:04:24]} Qc7 {[%clk 0:03:56]} 19. Rfc1
{[%clk 0:04:25]} Rxc1+ {[%clk 0:03:42]} 20. Rxc1 {[%clk 0:04:27]} c5
{[%clk 0:03:45]} 21. Qd4 {[%clk 0:03:13]} c4 {[%clk 0:01:27]} 22. Bxd5
{[%clk 0:03:08]} Nxd5 {[%clk 0:01:23]} 23. Qxd5 {[%clk 0:03:10]} c3
{[%clk 0:01:25]} 24. Qa8+ {[%clk 0:01:38]} Bf8 {[%clk 0:01:27]} 25. Kg2
{[%clk 0:01:33]} Kg7 {[%clk 0:01:22]} 26. Qf3 {[%clk 0:01:09]} Bb4
{[%clk 0:01:08]} 27. Qe4 {[%clk 0:01:04]} Qd6 {[%clk 0:00:44]} 28. Rb1
{[%clk 0:00:42]} 1-0

[Event "Rapide Nancy 2018"]
[Site "Nancy"]
[Date "2018.03.04"]
[Round "2.1"]
[White "FEDORCHUK, Sergey"]
[Black "LE CORRE, Benjamin"]
[Result "1-0"]
[BlackElo "2321"]
[WhiteElo "2681"]
[LiveChessVersion "1.4.8"]

1. e4 {[%clk 0:14:53]} c5 {[%clk 0:15:04]} 2. Nf3 {[%clk 0:14:53]} Nc6
{[%clk 0:15:06]} 3. Bb5 {[%clk 0:14:53]} Qc7 {[%clk 0:14:57]} 4. O-O
{[%clk 0:14:34]} e6 {[%clk 0:14:05]} 5. Re1 {[%clk 0:13:58]} Nge7
{[%clk 0:14:03]} 6. d4 {[%clk 0:11:29]} cxd4 {[%clk 0:13:51]} 7. Nxd4
{[%clk 0:11:30]} Nxd4 {[%clk 0:13:42]} 8. Qxd4 {[%clk 0:11:31]} Nc6
{[%clk 0:13:16]} 9. Bxc6 {[%clk 0:11:16]} bxc6 {[%clk 0:13:16]} 10. c4
{[%clk 0:11:08]} d6 {[%clk 0:09:12]} 11. Bg5 {[%clk 0:09:55]} e5 {[%clk 0:08:59]}
12. Qd2 {[%clk 0:09:53]} Be6 {[%clk 0:08:59]} 13. b3 {[%clk 0:09:40]} h6
{[%clk 0:08:48]} 14. Bh4 {[%clk 0:09:35]} Be7 {[%clk 0:08:49]} 15. Bxe7
{[%clk 0:09:29]} Kxe7 {[%clk 0:08:51]} 16. Nc3 {[%clk 0:09:28]} Rhd8
{[%clk 0:08:53]} 17. Rad1 {[%clk 0:09:28]} Rd7 {[%clk 0:08:54]} 18. Qe2
{[%clk 0:09:23]} Rad8 {[%clk 0:08:32]} 19. Rd3 {[%clk 0:09:21]} Kf8
{[%clk 0:07:07]} 20. h3 {[%clk 0:09:15]} g6 {[%clk 0:06:38]} 21. Red1
{[%clk 0:08:38]} Kg7 {[%clk 0:06:34]} 22. R1d2 {[%clk 0:08:24]} Qb7
{[%clk 0:05:45]} 23. Qd1 {[%clk 0:08:02]} Qc7 {[%clk 0:05:46]} 24. Qa1
{[%clk 0:07:40]} Kh7 {[%clk 0:05:37]} 25. Na4 {[%clk 0:06:34]} f5
{[%clk 0:04:18]} 26. exf5 {[%clk 0:05:52]} gxf5 {[%clk 0:04:20]} 27. f4
{[%clk 0:05:46]} e4 {[%clk 0:04:10]} 28. Rg3 {[%clk 0:05:47]} Rg7
{[%clk 0:04:10]} 29. Rxg7+ {[%clk 0:03:20]} Qxg7 {[%clk 0:04:11]} 30. Qxg7+
{[%clk 0:03:21]} Kxg7 {[%clk 0:04:13]} 31. Nc5 {[%clk 0:03:22]} Bc8
{[%clk 0:02:56]} 32. Rd4 {[%clk 0:03:07]} Kf6 {[%clk 0:02:28]} 33. b4
{[%clk 0:03:08]} Ke7 {[%clk 0:02:11]} 34. Nb3 {[%clk 0:03:10]} Be6
{[%clk 0:01:56]} 35. Kf2 {[%clk 0:02:40]} Rb8 {[%clk 0:00:55]} 36. Na5
{[%clk 0:02:35]} Bd7 {[%clk 0:00:50]} 37. a3 {[%clk 0:02:24]} c5 {[%clk 0:00:41]}
38. bxc5 {[%clk 0:01:55]} dxc5 {[%clk 0:00:44]} 39. Rd5 {[%clk 0:01:56]} Rb2+
{[%clk 0:00:45]} 40. Kg1 {[%clk 0:01:35]} Be6 {[%clk 0:00:43]} 41. Nc6+
{[%clk 0:01:19]} Kf7 {[%clk 0:00:31]} 42. Rxc5 {[%clk 0:01:15]} Rd2
{[%clk 0:00:05]} 43. Ra5 {[%clk 0:00:55]} Kf6 {[%clk 0:00:05]} 44. Ne5
{[%clk 0:00:40]} e3 {[%clk 0:00:05]} 45. Kf1 {[%clk 0:00:34]} Rc2
{[%clk 0:00:04]} 46. g3 {[%clk 0:00:26]} Bxc4+ {[%clk 0:00:05]} 47. Nxc4
{[%clk 0:00:28]} Rxc4 {[%clk 0:00:07]} 48. Ra6+ {[%clk 0:00:30]} Kg7
{[%clk 0:00:08]} 49. Rxa7+ {[%clk 0:00:32]} Kg6 {[%clk 0:00:10]} 50. Ra6+
{[%clk 0:00:34]} Kh5 {[%clk 0:00:06]} 51. Ke2 {[%clk 0:00:35]} Rc2+
{[%clk 0:00:08]} 52. Kxe3 {[%clk 0:00:37]} Rh2 {[%clk 0:00:11]} 53. Kf3
{[%clk 0:00:35]} Rxh3 {[%clk 0:00:09]} 54. Kg2 {[%clk 0:00:36]} Kg4
{[%clk 0:00:05]} 55. Rg6+ {[%clk 0:00:35]} Kh5 {[%clk 0:00:07]} 56. Ra6 Rxg3+ 1-0

[Event "Rapide Nancy 2018"]
[Site "Nancy"]
[Date "2018.03.04"]
[Round "2.2"]
[White "MIRIMANIAN, Hayk"]
[Black "FELLER, Sebastien"]
[Result "1/2-1/2"]
[BlackElo "2627"]
[WhiteElo "2306"]
[LiveChessVersion "1.4.8"]

1. e4 {[%clk 0:15:04]} c5 {[%clk 0:15:01]} 2. Nf3 {[%clk 0:15:06]} e6
{[%clk 0:15:03]} 3. b3 {[%clk 0:15:07]} b6 {[%clk 0:14:55]} 4. Bb2
{[%clk 0:15:07]} Bb7 {[%clk 0:14:57]} 5. d3 {[%clk 0:15:08]} d5 {[%clk 0:13:41]}
6. exd5 {[%clk 0:15:06]} exd5 {[%clk 0:13:42]} 7. d4 {[%clk 0:15:01]} Nf6
{[%clk 0:13:19]} 8. Nbd2 {[%clk 0:14:56]} Bd6 {[%clk 0:12:50]} 9. Bd3
{[%clk 0:13:56]} Qe7+ {[%clk 0:11:42]} 10. Qe2 {[%clk 0:13:57]} Qxe2+
{[%clk 0:11:42]} 11. Bxe2 {[%clk 0:13:59]} O-O {[%clk 0:11:36]} 12. O-O
{[%clk 0:13:46]} Nbd7 {[%clk 0:11:38]} 13. c4 {[%clk 0:11:57]} Rfe8
{[%clk 0:10:34]} 14. Rfe1 {[%clk 0:11:59]} Rad8 {[%clk 0:09:44]} 15. Bf1
{[%clk 0:10:21]} Bf8 {[%clk 0:08:17]} 16. Rxe8 {[%clk 0:09:43]} Rxe8
{[%clk 0:08:17]} 17. Rd1 {[%clk 0:09:44]} a6 {[%clk 0:07:48]} 18. Ne5
{[%clk 0:07:34]} cxd4 {[%clk 0:03:06]} 19. Nxd7 {[%clk 0:07:19]} Nxd7
{[%clk 0:03:08]} 20. Bxd4 {[%clk 0:07:20]} Bc5 {[%clk 0:03:03]} 21. Bxc5
{[%clk 0:06:40]} Nxc5 {[%clk 0:03:04]} 22. cxd5 {[%clk 0:06:37]} Bxd5
{[%clk 0:03:04]} 23. Bc4 {[%clk 0:05:47]} Bb7 {[%clk 0:02:16]} 24. Nf1
{[%clk 0:05:01]} b5 {[%clk 0:02:09]} 25. Bd5 {[%clk 0:04:07]} Bxd5
{[%clk 0:02:03]} 26. Rxd5 {[%clk 0:04:07]} Ne4 {[%clk 0:02:05]} 27. Ne3
{[%clk 0:03:43]} g6 {[%clk 0:02:07]} 28. a4 {[%clk 0:01:08]} bxa4
{[%clk 0:01:45]} 29. bxa4 {[%clk 0:01:09]} Rb8 {[%clk 0:01:47]} 30. f3
{[%clk 0:00:49]} Nc3 31. Rd6 Rb1+ {[%clk 0:00:35]} 32. Kf2 {[%clk 0:00:52]} Rb2+
{[%clk 0:00:36]} 33. Kf1 {[%clk 0:00:38]} Nxa4 {[%clk 0:00:31]} 34. Rxa6
{[%clk 0:00:40]} Nc5 {[%clk 0:00:33]} 35. Rc6 {[%clk 0:00:34]} Nd3
{[%clk 0:00:34]} 36. Rc2 {[%clk 0:00:36]} Rb1+ {[%clk 0:00:32]} 37. Ke2
{[%clk 0:00:38]} Nf4+ {[%clk 0:00:30]} 38. Kf2 {[%clk 0:00:40]} h5
{[%clk 0:00:32]} 39. g3 {[%clk 0:00:36]} Ne6 {[%clk 0:00:32]} 40. Rd2
{[%clk 0:00:36]} Rb3 {[%clk 0:00:33]} 41. Nd5 {[%clk 0:00:17]} Kg7
{[%clk 0:00:34]} 42. h4 {[%clk 0:00:18]} Ra3 {[%clk 0:00:32]} 43. Ne3
{[%clk 0:00:19]} Nc5 {[%clk 0:00:32]} 44. Nc4 {[%clk 0:00:16]} Rc3
{[%clk 0:00:31]} 45. Ne3 {[%clk 0:00:18]} Nd3+ {[%clk 0:00:32]} 46. Ke2
{[%clk 0:00:20]} Ne5 {[%clk 0:00:30]} 47. Kf2 {[%clk 0:00:19]} Rc1
{[%clk 0:00:23]} 48. Rd1 {[%clk 0:00:20]} Rc3 {[%clk 0:00:23]} 49. Rd2
{[%clk 0:00:23]} Rb3 {[%clk 0:00:24]} 50. Rc2 {[%clk 0:00:21]} Rb1
{[%clk 0:00:25]} 51. Rd2 {[%clk 0:00:20]} f6 {[%clk 0:00:23]} 52. Rc2
{[%clk 0:00:12]} Ra1 {[%clk 0:00:21]} 53. Nc4 {[%clk 0:00:14]} Nd3+
{[%clk 0:00:21]} 54. Ke3 {[%clk 0:00:15]} Nb4 {[%clk 0:00:22]} 55. Rd2
{[%clk 0:00:16]} Rc1 {[%clk 0:00:23]} 56. Nb2 {[%clk 0:00:15]} Rc3+
{[%clk 0:00:16]} 57. Nd3 {[%clk 0:00:16]} Rb3 {[%clk 0:00:07]} 58. Ke2
{[%clk 0:00:14]} Nd5 {[%clk 0:00:08]} 59. Rb2 {[%clk 0:00:15]} Rxb2+
{[%clk 0:00:06]} 60. Nxb2 {[%clk 0:00:18]} Kf7 {[%clk 0:00:07]} 61. Kd3
{[%clk 0:00:17]} Ke6 {[%clk 0:00:09]} 62. Nd1 {[%clk 0:00:19]} Ke5
{[%clk 0:00:11]} 63. Ne3 {[%clk 0:00:22]} Nb4+ {[%clk 0:00:13]} 64. Ke2
{[%clk 0:00:21]} Kd4 {[%clk 0:00:15]} 65. g4 {[%clk 0:00:21]} Nd5
{[%clk 0:00:14]} 66. Ng2 {[%clk 0:00:05]} Kc3 {[%clk 0:00:13]} 67. gxh5
{[%clk 0:00:07]} gxh5 {[%clk 0:00:15]} 68. f4 {[%clk 0:00:09]} f5
{[%clk 0:00:16]} 69. Kf3 {[%clk 0:00:11]} Kd2 {[%clk 0:00:15]} 70. Kf2
{[%clk 0:00:10]} Kd3 {[%clk 0:00:14]} 71. Kf3 {[%clk 0:00:13]} Kd4
{[%clk 0:00:15]} 72. Ne1 {[%clk 0:00:15]} Kc3 {[%clk 0:00:16]} 73. Ng2
{[%clk 0:00:15]} Kd3 {[%clk 0:00:18]} 74. Ne1+ {[%clk 0:00:18]} Kd4
{[%clk 0:00:11]} 75. Nc2+ {[%clk 0:00:20]} Ke5 76. Ke4+ 1/2-1/2

[Event "Rapide Nancy 2018"]
[Site "Nancy"]
[Date "2018.03.04"]
[Round "2.3"]
[White "CORNETTE, Matthieu"]
[Black "NETZER, Jacques"]
[Result "1-0"]
[BlackElo "2308"]
[WhiteElo "2621"]
[LiveChessVersion "1.4.8"]

1. c4 {[%clk 0:15:02]} g6 {[%clk 0:15:04]} 2. Nc3 {[%clk 0:14:53]} Bg7
{[%clk 0:15:02]} 3. g3 {[%clk 0:14:51]} c5 {[%clk 0:14:52]} 4. Bg2
{[%clk 0:14:51]} Nc6 {[%clk 0:14:53]} 5. Nf3 {[%clk 0:14:51]} e5 {[%clk 0:14:50]}
6. O-O {[%clk 0:14:43]} Nge7 {[%clk 0:14:51]} 7. a3 {[%clk 0:14:42]} d6
{[%clk 0:13:38]} 8. d3 {[%clk 0:14:24]} O-O {[%clk 0:13:38]} 9. Ne1
{[%clk 0:13:53]} Be6 {[%clk 0:13:15]} 10. b4 {[%clk 0:13:13]} Qd7
{[%clk 0:10:14]} 11. Rb1 {[%clk 0:12:33]} f5 {[%clk 0:09:09]} 12. Nd5
{[%clk 0:10:58]} Rab8 {[%clk 0:08:07]} 13. Qa4 {[%clk 0:07:54]} b6
{[%clk 0:05:44]} 14. Bg5 {[%clk 0:07:52]} Nxd5 {[%clk 0:03:00]} 15. Bxd5
{[%clk 0:07:06]} b5 {[%clk 0:03:02]} 16. Bxc6 {[%clk 0:05:52]} Qxc6
{[%clk 0:02:23]} 17. cxb5 {[%clk 0:05:51]} Rxb5 {[%clk 0:02:06]} 18. bxc5
{[%clk 0:05:36]} Rxc5 {[%clk 0:02:05]} 19. Qxa7 {[%clk 0:05:17]} f4
{[%clk 0:01:40]} 20. Rb7 {[%clk 0:04:20]} Rf7 {[%clk 0:01:16]} 21. Qb8+
{[%clk 0:02:34]} Bf8 {[%clk 0:01:08]} 22. Rxf7 {[%clk 0:01:45]} Kxf7
{[%clk 0:01:09]} 23. Nf3 {[%clk 0:01:45]} h6 {[%clk 0:00:39]} 24. gxf4
{[%clk 0:01:20]} hxg5 {[%clk 0:00:28]} 25. Nxg5+ {[%clk 0:01:21]} Ke7
{[%clk 0:00:19]} 26. Nxe6 {[%clk 0:01:21]} Kxe6 {[%clk 0:00:20]} 27. Qxf8
{[%clk 0:01:21]} exf4 {[%clk 0:00:22]} 28. Qxf4 {[%clk 0:01:11]} Rf5
{[%clk 0:00:13]} 29. Qc4+ {[%clk 0:01:01]} Qxc4 {[%clk 0:00:14]} 30. dxc4
{[%clk 0:01:03]} Ra5 {[%clk 0:00:12]} 31. Ra1 {[%clk 0:00:55]} Ke5
{[%clk 0:00:06]} 32. Kg2 {[%clk 0:00:48]} Kd4 {[%clk 0:00:08]} 33. Rd1+
{[%clk 0:00:49]} Kxc4 {[%clk 0:00:10]} 34. Rxd6 {[%clk 0:00:47]} Rg5+
{[%clk 0:00:10]} 35. Kf3 {[%clk 0:00:40]} Kb3 {[%clk 0:00:12]} 36. Rd3+
{[%clk 0:00:30]} Ka4 {[%clk 0:00:13]} 37. h4 {[%clk 0:00:30]} Rf5+
{[%clk 0:00:13]} 38. Kg3 {[%clk 0:00:32]} Re5 {[%clk 0:00:13]} 39. e3
{[%clk 0:00:32]} 1-0

[Event "Rapide Nancy 2018"]
[Site "Nancy"]
[Date "2018.03.04"]
[Round "2.4"]
[White "LECONTE, Jean-Olivier"]
[Black "BOK, Benjamin"]
[Result "0-1"]
[BlackElo "2619"]
[WhiteElo "2293"]
[LiveChessVersion "1.4.8"]

1. e4 {[%clk 0:15:03]} c5 {[%clk 0:15:05]} 2. Nf3 {[%clk 0:15:04]} d6
{[%clk 0:15:07]} 3. d4 {[%clk 0:15:03]} cxd4 {[%clk 0:15:10]} 4. Nxd4
{[%clk 0:15:04]} Nf6 {[%clk 0:15:12]} 5. Nc3 {[%clk 0:15:05]} a6 {[%clk 0:15:14]}
6. Bg5 {[%clk 0:15:04]} Nbd7 {[%clk 0:15:16]} 7. Qe2 {[%clk 0:15:05]} h6
{[%clk 0:15:10]} 8. Bd2 {[%clk 0:14:35]} b5 {[%clk 0:13:41]} 9. g3
{[%clk 0:13:48]} Bb7 {[%clk 0:13:23]} 10. Bg2 {[%clk 0:13:48]} e6
{[%clk 0:11:14]} 11. O-O {[%clk 0:11:57]} Qc7 {[%clk 0:10:20]} 12. a4
{[%clk 0:07:47]} b4 {[%clk 0:08:30]} 13. Na2 {[%clk 0:05:16]} e5 {[%clk 0:08:00]}
14. Nb3 {[%clk 0:04:34]} a5 {[%clk 0:07:13]} 15. Rfc1 {[%clk 0:04:29]} Ba6
{[%clk 0:05:33]} 16. Qd1 {[%clk 0:04:28]} Bc4 {[%clk 0:02:51]} 17. c3
{[%clk 0:04:04]} Bxb3 {[%clk 0:02:38]} 18. Qxb3 {[%clk 0:04:06]} Nc5
{[%clk 0:02:39]} 19. Qc4 {[%clk 0:03:28]} b3 {[%clk 0:02:39]} 20. Nb4
{[%clk 0:03:26]} Qb7 {[%clk 0:02:03]} 21. Nd5 {[%clk 0:03:02]} Nxd5
{[%clk 0:01:55]} 22. exd5 {[%clk 0:02:59]} Be7 {[%clk 0:01:21]} 23. Be3
{[%clk 0:02:46]} O-O {[%clk 0:01:00]} 24. Ra3 {[%clk 0:02:46]} Rfc8
{[%clk 0:00:42]} 25. Qg4 {[%clk 0:01:33]} Bg5 {[%clk 0:00:23]} 26. Bxg5
{[%clk 0:00:57]} hxg5 {[%clk 0:00:25]} 27. Qxg5 {[%clk 0:00:54]} Qd7
{[%clk 0:00:21]} 28. Qh4 {[%clk 0:00:42]} Qd8 {[%clk 0:00:12]} 29. Qg4
{[%clk 0:00:37]} g6 {[%clk 0:00:12]} 30. Bf1 {[%clk 0:00:37]} Kg7
{[%clk 0:00:12]} 31. Bb5 {[%clk 0:00:26]} f5 {[%clk 0:00:14]} 32. Qe2
{[%clk 0:00:26]} Qg5 {[%clk 0:00:15]} 33. Rf1 {[%clk 0:00:23]} Rh8
{[%clk 0:00:16]} 34. f4 {[%clk 0:00:22]} Qf6 {[%clk 0:00:08]} 35. fxe5
{[%clk 0:00:22]} Qxe5 {[%clk 0:00:09]} 36. Qxe5+ {[%clk 0:00:20]} dxe5
{[%clk 0:00:12]} 37. Raa1 {[%clk 0:00:17]} e4 {[%clk 0:00:13]} 38. Rad1
{[%clk 0:00:18]} Kf6 {[%clk 0:00:09]} 39. d6 {[%clk 0:00:16]} Ke5
{[%clk 0:00:10]} 40. Bc6 {[%clk 0:00:17]} Nd3 {[%clk 0:00:08]} 41. Bxa8
{[%clk 0:00:18]} Rxa8 {[%clk 0:00:11]} 42. Rd2 {[%clk 0:00:18]} Rd8
{[%clk 0:00:11]} 43. Ra1 {[%clk 0:00:16]} Rxd6 {[%clk 0:00:12]} 44. Ra3
{[%clk 0:00:12]} e3 {[%clk 0:00:12]} 45. Re2 {[%clk 0:00:13]} Ke4
{[%clk 0:00:14]} 46. Kg2 {[%clk 0:00:13]} f4 {[%clk 0:00:14]} 0-1